000 00584cam a2200229 a 4500
001 3332746
005 20180105051019.0
008 850719s1986 nyu b 001 0 eng c
010 _a 85017446
020 _a0443083282
040 _aDNLM/DLC
_cDLC
_dDLC
041 _aeng
060 _aWO 200 A573
080 _a617.96 MIL
082 0 0 _a617.96 MIL
_219
100 _a6
101 _aANE
245 0 0 _aAnesthesia /
_cedited by Ronald D. Miller.
504 _aIncludes bibliographies and indexes.
906 _a7
_bcbc
_corignew
_d1
_eocip
_f19
_gy-gencatlg
942 _2ddc
_cBK
999 _c39797
_d39797